|
|
|
|
| LEADER |
00983nam a22002537a 4500 |
| 001 |
28438 |
| 003 |
BD-DhAAL |
| 005 |
20141022162749.0 |
| 008 |
141022s2011 bg\||||| |||| 001 0 eng d |
| 020 |
|
|
|a 9847002001496
|
| 040 |
|
|
|a BD-DhAAL
|c BD-DhAAL
|
| 082 |
|
|
|2 22
|a 824/.5/08
|
| 100 |
|
|
|a Addison, Joseph
|d 1672-1719.
|9 5805
|
| 245 |
|
|
|a Coverley papers from the spectator /
|c Introduction and notes by K. Deighton
|
| 260 |
|
|
|a Dhaka :
|b Friends Book Corner,
|c 2011
|
| 300 |
|
|
|a xxix, 294 p. :
|c 18 cm.
|
| 490 |
|
|
|a Friends Classics
|
| 504 |
|
|
|a Includes bibliographical references and index
|
| 541 |
|
|
|e 28438
|
| 650 |
|
|
|a English essays
|y 18th century.
|9 5806
|
| 700 |
|
|
|a Steele, Richard
|b 1672-1729
|9 5807
|
| 942 |
|
|
|2 ddc
|c BK
|
| 999 |
|
|
|c 32975
|d 32975
|
| 952 |
|
|
|0 0
|1 0
|2 ddc
|4 0
|6 824_508000000000000_ADD
|7 0
|9 43919
|a BRACUL
|b BRACUL
|c GEN
|d 2014-10-22
|e Friends Book Corner
|l 2
|m 21
|o 824.508 ADD
|p 3010028438
|r 2023-05-22
|s 2023-01-25
|t 1
|w 2014-10-22
|y BK
|x Transferred from BIL to BRACUL on 06/06/22
|